Statistics for Food Condiments and Sauces by Picture

Click here to take the quiz!

General Stats

  • This quiz has been taken 927 times
  • The average score is 20 of 30

Answer Stats

Answer% Correct
mustard
98%
black pepper
97%
honey
97%
ketchup
96%
butter
95%
maple syrup
93%
mayonnaise
92%
chocolate syrup
85%
{soy} sauce
80%
guacamole
79%
salsa
74%
{barbecue} sauce
72%
marmalade
72%
olive oil
69%
{pesto} sauce
67%
Vegemite
65%
{brown} sauce
61%
{cranberry} sauce
61%
hummus
61%
gravy
59%
{sriracha} sauce
59%
{cocktail} sauce
58%
{crushed} {red} {pepper}
51%
{hollandaise} sauce
51%
{pico} {de} {gallo}
42%
sour cream
40%
relish
39%
chutney
23%
{fish} sauce
19%
{hoisin} sauce
19%

Score Distribution

Percentile by Number Answered

Percent of People with Each Score

Your Score History

You have not taken this quiz